000 00351nam a22001217a 4500
003 SGT
082 _a891.4309
_bT10M
100 _aमित्र, कृष्ण
245 _aतुम छाया तुम धुप : दोहा संग्रह
260 _bमुक्त प्रकाशन
_c2010
300 _a120
942 _2ddc
_cBK
999 _c31400
_d31400